Calcul mental_Multiplication (difficile) - Statistiques

Statistiques générales
  • Ce quiz a été pris 235 fois
  • Le résultat moyen est 10 sur 15
Statistiques - réponses
Hint Réponse % Correct
3x64 192
98%
55x12 660
91%
51x6 306
85%
7x89 623
84%
87x7 609
83%
26x13 338
78%
71x7 497
75%
63x14 882
74%
306x8 2448
67%
192x6 1152
66%
736x4 2944
60%
42x31 1302
52%
16x46 736
46%
96x96 9216
43%
78x23 1794
42%
Aucun quiz correspondant
Distribution des résultats
% des personnes avec chaque résultat
Percentile par nombre de réponses
Votre historique - résultats
Vous n’avez pas pris ce quiz